Loreto College Library, Kolkata
WEBOPAC (ONLINE PUBLIC ACCESS CATALOGUE)

English poetry (Record no. 13010)

MARC details
000 -LEADER
fixed length control field 00515nam a2200193Ia 4500
005 - DATE AND TIME OF LATEST TRANSACTION
control field 20230221151524.0
008 - FIXED-LENGTH DATA ELEMENTS--GENERAL INFORMATION
fixed length control field 131103s9999 xx 000 0 und d
040 ## - CATALOGING SOURCE
Original cataloging agency Loreto College
041 ## - LANGUAGE CODE
Language code English
082 ## - DDC | ডিউই
Classification number | বর্গসংখ্যা 821.01
Book Number | গ্রন্থাঙ্ক BAT
100 ## - MAIN ENTRY--PERSONAL NAME | মুখ্য সংলেখ - ব্যাক্তিনাম
Personal name | ব্যাক্তিনাম Bateson, F. W.
245 ## - TITLE STATEMENT | অাখ্যা বিবরণী
Title | অাখ্যা English poetry
Sub title | উপঅাখ্যা a critical introduction
Statement of responsibility | লেখকের দায়িত্বের বিবরণ F. W. Bateson
260 ## - IMPRINT | প্রকাশনা ক্ষেত্র
Place of publication | প্রকাশ স্থান London
Name of publisher | প্রকাশকের নাম Longmans
Date of publication | প্রকাশ কাল 1968
300 ## - PHYSICAL DESCRIPTION |
Page / Vol. No | পৃষ্ঠা / খন্ড সংখ্যা x,205p.
504 ## - BIBLIOGRAPHY, ETC. NOTE
Bibliography, etc Includes index
650 ## - SUBJECT ADDED ENTRY--TOPICAL TERM | বিষয় শিরোনাম - মূল বিষয়
Topical term | মূল বিষয় English Poetry - History and Criticism
850 ## - HOLDING INSTITUTION
Holding institution LCLIB
942 ## - ADDED ENTRY ELEMENTS (KOHA)
Koha item type Books
Holdings
Withdrawn status Lost status Source of classification Damaged status Not for loan Home library Current library Date acquired Total Checkouts Full call number Accession No. Date last seen Price effective from Koha item type Coded location qualifier Date checked out
    Dewey Decimal Classification     Loreto College Loreto College 04/11/2013   821.01 BAT 27818 B13017 04/11/2013 04/11/2013 Books    
    Dewey Decimal Classification     Loreto College Loreto College 04/11/2013   821.01 BAT 27101 B22749 04/11/2013 04/11/2013 Books    
    Dewey Decimal Classification     Loreto College Loreto College 04/11/2013 1 821.01 BAT 27119 B22863 11/12/2017 04/11/2013 Books   11/12/2017